William Cobbett.

Bibliographic Details
Main Author: Briggs, Asa, 1921-2016
Format: Book
Language:English
Published: London : Oxford U.P., 1967.
Series:The Clarendon biographies, 17
Subjects:

MARC

Tag First Indicator Second Indicator Subfields
LEADER 00000cam a22000001 4500
001 in00000305913
005 20201128063328.0
008 710406s1967 enkcf b 00000beng d
010 |a  68092843  
015 |a B67-26677 
035 |a (OCoLC)00460127 
035 |9 ABH1650AM 
037 |c 9/6 
040 |a DLC  |c DLC  |d TXA  |d UtOrBLW 
049 |a TXAM  |c [801187] 
050 0 0 |a DA522.C5  |b B7 1967 
082 0 |a 942.07/0924  |a B 
100 1 |a Briggs, Asa,  |d 1921-2016. 
245 1 0 |a William Cobbett. 
264 1 |a London :  |b Oxford U.P.,  |c 1967. 
300 |a 63 pages :  |b 8 plates (including portraits) ;  |c 21 cm. 
336 |a text  |b txt  |2 rdacontent 
337 |a unmediated  |b n  |2 rdamedia 
338 |a volume  |b nc  |2 rdacarrier 
490 0 |a The Clarendon biographies, 17 
504 |a Bibliography: page [61]. 
600 1 0 |a Cobbett, William,  |d 1763-1835. 
999 |a MARS 
999 f f |s 841df746-a4e3-3e1e-97e9-fd75504eaac0  |i 20d271f8-5477-3881-afb2-d0e09fa77c53  |t 0 
952 f f |p ric  |a Texas A&M University  |b Rellis Campus  |c Joint Library Facility  |d Remote Storage  |t 0  |e DA522.C5 B7 1967  |h Library of Congress classification  |i unmediated -- volume  |m A14801929301 
998 f f |a DA522.C5 B7 1967  |t 0  |l Remote Storage